00161 a2200073 450000100060000010000130000624500340001926000340005317956 aBaber, S aUnited states aid to PAKISTAN abPak Inst of Inter Affairsc